FLICT எண்ணக்கஞ & கட்டமைப்பு (Record no. 4678)

MARC details
000 -LEADER
fixed length control field 00536nam a2200181 4500
003 - CONTROL NUMBER IDENTIFIER
control field LK-CoMWRAF
005 - DATE AND TIME OF LATEST TRANSACTION
control field 20240126110253.0
008 - FIXED-LENGTH DATA ELEMENTS--GENERAL INFORMATION
fixed length control field 240126b |||||||| |||| 00| 0 eng d
040 ## - CATALOGING SOURCE
Original cataloging agency LK-CoMWRAF
Modifying agency LK-CoMWRAF
Description conventions LK-CoMWRAF
041 ## - LANGUAGE CODE
Language code of text/sound track or separate title Tamil
082 ## - DEWEY DECIMAL CLASSIFICATION NUMBER
Classification number 323
Item number BUR
942 ## - ADDED ENTRY ELEMENTS (KOHA)
Koha item type Books
100 ## - MAIN ENTRY--PERSONAL NAME
Personal name பேர்க், ஆடம்
110 ## - MAIN ENTRY--CORPORATE NAME
Corporate name or jurisdiction name as entry element பாஸ்டியன், சுனில்
245 ## - TITLE STATEMENT
Title FLICT எண்ணக்கஞ & கட்டமைப்பு
246 ## - VARYING FORM OF TITLE
Title proper/short title Eṇṇakkaña& kaṭṭamaippu
300 ## - PHYSICAL DESCRIPTION
Extent 42 p.
Holdings
Withdrawn status Lost status Damaged status Not for loan Permanent Location Current Location Date acquired Full call number Barcode Koha item type
        Resource center, Muslim Women's Research And Action Forum Resource center, Muslim Women's Research And Action Forum 2024-01-26 323 BUR RAF4878 Books

Copyright © 2023 Muslim Women's Research and Action Forum (MWRAF), No 27/3, Anderson Road, Kalubowila, Dehiwela. Funded by The Asia Fundation